000 01266nam a2200313 a 4500
001 BRL_1334
005 20190320211144.0
008 070114s1995----mx-aob####---#000-0#spa-#
020 _a9688343439
041 _aspa
044 _amx
050 4 _aF1219.3.C75
_b.B43 1995
100 1 _aBeauregard García, Lourdes
_912966
245 1 0 _aLa magia de los hilos
_barte y tradición en el textil de Veracruz
_ctexto Lourdes Beauregard García, Lourdes Aquino Rodríguez y Yosi Anaya ; fotografía Adrián Mendieta Pérez.
260 _aXalapa, Veracruz.
_bUniversidad Veracruzana
_c1995
300 _a147 p.
_bil., fotografía, mapas
_c30 cm.
440 0 _aColección Etnográfica del Instituto de Antropología. Indumentaria Etnohistórica
_926559
500 _aAu1579
500 _aVer también número de sistema 5087 perteneciente al Fondo Contemporáneo
504 _aBibliografía: 144-147
650 1 4 _aIndumentaria indígena
_zVeracruz (Estado)
_912967
650 1 4 _aIndustría textil indígena
_zVeracruz (Estado)
_912968
650 1 4 _aPrendas de vestir
_zVeracruz (Estado)
_912969
700 1 _aAquino Rodríguez, Lourdes
_912970
700 1 _aAnaya, Yosi
_912971
700 1 _aMendieta Pérez, Adrián
_eil.
_926560
902 _aGRL
942 _2lcc
_cB
999 _c10146
_d10146